| 000 | 00531nam a22001577a 4500 | ||
|---|---|---|---|
| 003 | macl | ||
| 005 | 20200215161912.0 | ||
| 008 | 200215b xxu||||| |||| 00| 0 eng d | ||
| 040 | _cmacl | ||
| 100 |
_aगुप्त तनसुखराम _960920 |
||
| 245 | _aहिन्दू धर्म परिचय | ||
| 260 |
_aदिल्ली _bसूर्य भारती प्रकाशन _c2018 |
||
| 600 |
_aतनसुखराम गुप्त _978254 |
||
| 650 |
_aधर्म _978255 |
||
| 942 |
_2ddc _cHIN |
||
| 999 |
_c62105 _d62105 |
||